|
|
|
|
| LEADER |
00000cam a2200000 7i4500 |
| 001 |
0000005620 |
| 005 |
20220105104013.0 |
| 008 |
070808 |
| 020 |
|
|
|a 9679389561
|
| 090 |
0 |
0 |
|a JP
|b MTH ENG (7050)
|
| 100 |
1 |
|
|a Baker,Rann
|
| 245 |
1 |
0 |
|a Learn about money
|c Rann,Baker
|
| 260 |
|
|
|a Selangor :
|b Sama Publications ,
|c 2004
|
| 440 |
|
0 |
|a Mathematics for children series vol.1
|
| 500 |
|
|
|a Children age 4-6 years old (yellow)
|
| 650 |
|
0 |
|a Junior preschool
|x English
|x Languages
|
| 650 |
|
0 |
|a Mathematics
|
| 999 |
|
|
|a 0000013404
|b Book
|c Children Collection
|e Cawangan Taman Universiti
|
| 999 |
|
|
|a 0000013405
|b Book
|c Children Collection
|e Cawangan Taman Universiti
|
| 999 |
|
|
|a 0000920753
|b Book
|c Children Collection
|e Cawangan Bukit Gambir
|
| 999 |
|
|
|a 0000930581
|b Book
|c Children Collection
|e Cawangan Tangkak
|
| 999 |
|
|
|a 0000930583
|b Book
|c Children Collection
|e Cawangan Tangkak
|
| 999 |
|
|
|a 0000951279
|b Book
|c Children Collection
|e Cawangan Bukit Gambir
|
| 999 |
|
|
|a 0000980541
|b Book
|c Children Collection
|e Cawangan Taman Universiti
|
| 999 |
|
|
|a 0000980542
|b Book
|c Children Collection
|e Perbadanan Perpustakaan Awam Johor
|
| 999 |
|
|
|a 0000980543
|b Book
|c Children Collection
|e Perbadanan Perpustakaan Awam Johor
|
| 999 |
|
|
|a 0000980544
|b Book
|c Children Collection
|e Perbadanan Perpustakaan Awam Johor
|
| 999 |
|
|
|a 0000980545
|b Book
|c Children Collection
|e Cawangan Sri Merlong
|